<?xml version="1.0" encoding="UTF-8"?><?xml-stylesheet type="text/xsl" href="static/style.xsl"?><OAI-PMH xmlns="http://www.openarchives.org/OAI/2.0/" xmlns:xsi="http://www.w3.org/2001/XMLSchema-instance" xsi:schemaLocation="http://www.openarchives.org/OAI/2.0/ http://www.openarchives.org/OAI/2.0/OAI-PMH.xsd"><responseDate>2026-06-07T07:49:03Z</responseDate><request verb="GetRecord" identifier="oai:riuma.uma.es:10630/14547" metadataPrefix="marc">https://riuma.uma.es/rest/oai/request</request><GetRecord><record><header><identifier>oai:riuma.uma.es:10630/14547</identifier><datestamp>2026-02-03T11:35:02Z</datestamp><setSpec>com_10630_2254</setSpec><setSpec>col_10630_37953</setSpec></header><metadata><record xmlns="http://www.loc.gov/MARC21/slim" xmlns:dcterms="http://purl.org/dc/terms/" xmlns:doc="http://www.lyncode.com/xoai" xmlns:xsi="http://www.w3.org/2001/XMLSchema-instance" xsi:schemaLocation="http://www.loc.gov/MARC21/slim http://www.loc.gov/standards/marcxml/schema/MARC21slim.xsd">
   <leader>00925njm 22002777a 4500</leader>
   <datafield ind2=" " ind1=" " tag="042">
      <subfield code="a">dc</subfield>
   </datafield>
   <datafield ind2=" " ind1=" " tag="720">
      <subfield code="a">De-las-Heras-Pedrosa, Carlos</subfield>
      <subfield code="e">author</subfield>
   </datafield>
   <datafield ind2=" " ind1=" " tag="720">
      <subfield code="a">Paniagua-Rojano, Francisco Javier</subfield>
      <subfield code="e">author</subfield>
   </datafield>
   <datafield ind2=" " ind1=" " tag="720">
      <subfield code="a">Jambrino-Maldonado, Carmen</subfield>
      <subfield code="e">author</subfield>
   </datafield>
   <datafield ind2=" " ind1=" " tag="720">
      <subfield code="a">Iglesias-Sánchez, Patricia Pilar</subfield>
      <subfield code="e">author</subfield>
   </datafield>
   <datafield ind2=" " ind1=" " tag="260">
      <subfield code="c">2017-09</subfield>
   </datafield>
   <datafield ind2=" " ind1=" " tag="520">
      <subfield code="a">Este trabajo analiza la imagen que proyectan los principales diarios españoles&#xd;
sobre la última campaña de las elecciones presidenciales en Estados Unidos, y por tanto, la influencia&#xd;
que pueden ejercer los medios de mayor difusión en nuestro país en la opinión pública española sobre&#xd;
este acontecimiento. Hipótesis y objetivos. Se parte de la hipótesis de que, las características&#xd;
personales y la dramatización efectuada por los candidatos en la campaña electoral incentivaron aún&#xd;
más el interés de los ciudadanos, si bien la lejanía de las elecciones conlleva que la percepción que los&#xd;
españoles tenían de cada uno de los candidatos venía influenciada por el consumo de información&#xd;
política en los medios que siguen habitualmente. Metodología. Para ello, nos apoyamos en la técnica&#xd;
metodológica del análisis de contenido. En concreto, se analizan un total de 817 noticias, 448 elpais.es&#xd;
y 369 ABC.es, entre el 1 de junio y el 8 de noviembre de 2016. La búsqueda de las noticias se basó en&#xd;
las palabras claves “Trump” o “Clinton” en el titular o en el subtítulo. Resultados. El candidato que&#xd;
más titulares protagonizó en ambos diarios fue Trump, y el tipo de titular predominante durante la&#xd;
campaña fue el informativo (55,6%) frente al 21,2% que fueron apelativos y el 23,3% fueron de&#xd;
impacto. En cuanto al tratamiento informativo en ambos medios, se observa que, en la mayoría de las&#xd;
noticias, se posicionan contra el candidato Trump. Conclusiones. Así, puede concluirse que los&#xd;
medios no solo intervienen en la creación de escenarios, sino que son un elemento clave en la&#xd;
construcción de la imagen de los candidatos.</subfield>
   </datafield>
   <datafield ind1="8" ind2=" " tag="024">
      <subfield code="a">C de las Heras Pedrosa, FJ Paniagua Rojano, C Jambrino Maldonado, P Iglesias Sánchez (2017): “La imagen de los candidatos en las elecciones presidenciales de Estados Unidos en ’prensa’ digital española”. Revista Latina de Comunicación Social, 72, pp. 975 a 997. http://www.revistalatinacs.org/072paper/1203/53es.html  DOI: 10.4185/RLCS-2017-1203</subfield>
   </datafield>
   <datafield ind1="8" ind2=" " tag="024">
      <subfield code="a">1138-5820</subfield>
   </datafield>
   <datafield ind1="8" ind2=" " tag="024">
      <subfield code="a">http://hdl.handle.net/10630/14547</subfield>
   </datafield>
   <datafield tag="653" ind2=" " ind1=" ">
      <subfield code="a">Comunicación en política</subfield>
   </datafield>
   <datafield ind2="0" ind1="0" tag="245">
      <subfield code="a">La imagen de los candidatos en las elecciones presidenciales de Estados Unidos en ‘prensa’ digital española</subfield>
   </datafield>
</record>
</metadata></record></GetRecord></OAI-PMH>